000 00624nam a2200217Ia 4500
003 OSt
005 20220923230639.0
006 a|||||r|||| 00| 0
007 ta
008 Pun
024 _a287,113
037 _cTextual
040 _aARTS
_cARTS
_bPun
041 _2Pun
_aPun
082 _aQ844:33:g(T), 152M9
100 _aਰੈਣਾ, ਅੰਮ੍ਰਿਤ ਕੌਰ
245 0 _aਗੁਰੂ ਨਾਨਕ ਦੇਵ ਜੀ ਦਾ ਸਿਖਿਆ ਦਰFਨ
260 _c1989
942 _hQ844:33:g(T), 152M9
_cTEXL
_2CC
999 _c386256
_d386256